The works (Record no. 186330)
[ view plain ]
| 000 -LEADER | |
|---|---|
| fixed length control field | 00721 a2200169 4500 |
| 003 - CONTROL NUMBER IDENTIFIER | |
| control field | Nust |
| 005 - DATE AND TIME OF LATEST TRANSACTION | |
| control field | 20230526101011.0 |
| 040 ## - CATALOGING SOURCE | |
| Transcribing agency | Nust |
| 082 ## - DEWEY DECIMAL CLASSIFICATION NUMBER | |
| Classification number | 808.81,HAZ |
| 100 ## - MAIN ENTRY--PERSONAL NAME | |
| Personal name | William Hazlitt |
| 9 (RLIN) | 112668 |
| 245 ## - TITLE STATEMENT | |
| Title | The works |
| Statement of responsibility, etc. | Willam Hazlitt |
| 260 ## - PUBLICATION, DISTRIBUTION, ETC. | |
| Place of publication, distribution, etc. | London |
| Name of publisher, distributor, etc. | Grant Richards |
| Date of publication, distribution, etc. | 1903 |
| 300 ## - PHYSICAL DESCRIPTION | |
| Extent | 244,p.; |
| 505 ## - FORMATTED CONTENTS NOTE | |
| Formatted contents note | One The Pleasure of painting (Page-1), On the Past and Future (Page-25), On the Ignorance of the Learned (Page-92), On Will-making (Page-152), On Milton’s Sonnets (Page-235), On Going A Journey (Page-244), On Criticism (Page-200), On Patronage and Puffing (Page-394), On the Picturesque and Ideal (Page-433), On the fear of Death (Page-439). |
| 650 ## - SUBJECT ADDED ENTRY--TOPICAL TERM | |
| Topical term or geographic name entry element | The works |
| 9 (RLIN) | 112669 |
| 942 ## - ADDED ENTRY ELEMENTS (KOHA) | |
| Source of classification or shelving scheme | |
| Koha item type | Book |
| Withdrawn status | Lost status | Source of classification or shelving scheme | Damaged status | Not for loan | Permanent Location | Current Location | Shelving location | Date acquired | Total Checkouts | Full call number | Barcode | Date last seen | Date last checked out | Price effective from | Koha item type | Public note |
|---|---|---|---|---|---|---|---|---|---|---|---|---|---|---|---|---|
| Military College of Signals (MCS) | Military College of Signals (MCS) | Fiction | 12/12/2016 | 1 | 808.81,HAZ | MCS30101 | 10/10/2022 | 09/29/2022 | 12/12/2016 | Book | Almirah No.56, Shelf No.2 |
